Barry's advanced construction of buildings (Record no. 103770)

MARC details
000 -LEADER
fixed length control field 01390cam a2200265 4500
001 - CONTROL NUMBER
control field ##L127386
008 - FIXED-LENGTH DATA ELEMENTS--GENERAL INFORMATION
fixed length control field 040914n2006 000 0 eng u
020 ## - INTERNATIONAL STANDARD BOOK NUMBER
International Standard Book Number 1405110546
035 ## - SYSTEM CONTROL NUMBER
System control number (Sirsi) u127386
041 0# - LANGUAGE CODE
Language code of text/sound track or separate title eng
050 04 - LIBRARY OF CONGRESS CALL NUMBER
Classification number 690 $2 2
100 1# - MAIN ENTRY--PERSONAL NAME
Personal name Emmitt, Stephen
245 00 - TITLE STATEMENT
Title Barry's advanced construction of buildings
260 ## - PUBLICATION, DISTRIBUTION, ETC.
Place of publication, distribution, etc. Oxford
Name of publisher, distributor, etc. Blackwell Publishing Ltd
Date of publication, distribution, etc. 2006
300 ## - PHYSICAL DESCRIPTION
Extent x, 625p
Other physical details ill
Dimensions 24cm.
350 ## - PRICE (NR) (BK AM CF MU VM SE) [OBSOLETE]
Price 24.99
505 2# - FORMATTED CONTENTS NOTE
Formatted contents note Introduction -- Scaffolding and associated work -- Foundations and substructures -- Single-storey frames, shells and lightweight coverings -- Structural steel frames -- Structural concrete frames -- Cladding and curtain wall construction -- Prefabrication and off-site construction -- Lifts and escalators -- Fit out and second fix -- Heating, cooling and services provision -- Alternative approaches to construction.
520 ## - SUMMARY, ETC.
Summary, etc. Aimed at students, this covers framed construction and associated technologies, prefabrication, off-site assembly, and alternative methods of construction. It also reflects the industry trend towards sustainable construction techniques.
520 ## - SUMMARY, ETC.
Summary, etc. Supersedes volumes three, four and part of five (ISBNs 0632037423, 063205543X, 0632049324).
590 ## - LOCAL NOTE (RLIN)
Local note IKA090506
690 ## - LOCAL SUBJECT ADDED ENTRY--TOPICAL TERM (OCLC, RLIN)
Topical term or geographic name as entry element BUILT ENVIRONMENT-CONSTRUCTION DESIGN
700 1# - ADDED ENTRY--PERSONAL NAME
Personal name Gorse, Christopher A.
942 ## - ADDED ENTRY ELEMENTS (KOHA)
Suppress in OPAC 0
Holdings
Withdrawn status Lost status Source of classification or shelving scheme Damaged status Not for loan Home library Current library Shelving location Date acquired Cost, normal purchase price Total Checkouts Full call number Barcode Date last seen Date last checked out Copy number Cost, replacement price Price effective from Koha item type
    Dewey Decimal Classification     London London Basement 04/05/2006 24.99 27 BASEMENT 61 30072955 06/08/2019 18/12/2009 1 24.99 06/08/2019 Book